000 01064nam a22003257a 4500
003 CHAP
005 20220329141711.0
008 971013s1973 r 00010 d
010 _a72465
011 _a73437
035 _a82994
040 _cCHAP
090 _aFolleto 7629
100 0 0 _aBarabas, Alicia Mabal.
_910023
245 _aHydraulic development and ethnocide ; the Mazatec and Chinantec people of Oaxaca, Mexico
260 _aCopenhagen :
_bInternational Work Group for Indigenous Affairs,
_c1973
300 _a20 p.
490 _aIWGIA. Document
_v; 15
590 _aBATCH-UPD
_b10
_c20130110
_lUCH01
_h0235
590 _aBATCH-UPD
_b10
_c20130110
_lUCH01
_h2038
590 _aBATCH-UPD
_b10
_c20130409
_lUCH01
_h2259
590 _aBATCH-UPD
_b10
_c20130914
_lUCH01
_h0535
590 _aCONVERSION
_b10
_c20130109
_lUCH01
_h1340
650 1 4 _aIndios de Oaxaca.
_957644
650 1 4 _aIrrigación
_xOaxaca.
_960439
830 0 _aIWGIA. Document
_v; 15
_960730
901 _aBK
942 _cFOLL
949 _aFolleto 7629
_bBC
_cFOLL
_d-37301
_eTS1
_i82994
_si
999 _c72465
_d72465